Ėdvard Benesh i puti realisticheskago demokratizma /

Эдвард Бенеш и пути реалистическаго демократизма /
Bibliographic Details
Main Author: Sokoloff, Boris, 1889-1979
Format: Book
Language:Russian
Published: Paris : J. Povolozky, [1926]
Subjects:

MARC

Tag First Indicator Second Indicator Subfields
LEADER 00000cam a2200000Ia 4500
001 in00002190421
005 20151104082553.0
008 861024s1926 fr ac 000 0brus d
019 |a 21713465 
035 |a (OCoLC)ocm14517874 
040 |a AUM  |c AUM  |d TXA  |d UtOrBLW 
043 |a e-cs--- 
049 |a TXAM 
050 4 |a DB2191.B45  |b S65 1926 
100 1 |6 880-01  |a Sokoloff, Boris,  |d 1889-1979. 
245 1 0 |6 880-02  |a Ėdvard Benesh i puti realisticheskago demokratizma /  |c Boris Sokolov. 
264 1 |6 880-03  |a Paris :  |b J. Povolozky,  |c [1926] 
300 |a 75 pages :  |b illustrations, portrait ;  |c 20 cm. 
336 |a text  |b txt  |2 rdacontent 
337 |a unmediated  |b n  |2 rdamedia 
338 |a volume  |b nc  |2 rdacarrier 
536 |a From the Estate of George and Mathilda Sabo by Dr. Joseph R. Corcoran & Irene Sabo Corcoran and Family. September 1998. 
600 1 0 |a Beneš, Edvard,  |d 1884-1948. 
650 0 |a Presidents  |z Czecholovakia  |v Biography. 
880 1 |6 100-01  |a Соколофф, Борис,  |d 1893- 
880 1 0 |6 245-02  |a Эдвард Бенеш и пути реалистическаго демократизма /  |c Борис Соколов. 
880 |6 264-03  |a Paris :  |b I︠A︡. Поволоцкiй,  |c [1926]. 
948 |a cataloged  |b h  |c 2006/10/25  |d c  |e tchubary  |f 1:32:52 pm 
994 |a C0  |b TXA 
999 |a MARS 
999 f f |s 6f0e844e-72a8-30ea-9637-67072aec9f58  |i 76b84e1b-38b6-353c-96d6-c7782bfc66e8  |t 0 
952 f f |p ric  |a Texas A&M University  |b Rellis Campus  |c Joint Library Facility  |d Remote Storage  |t 0  |e DB2191.B45 S65 1926  |h Library of Congress classification  |i unmediated -- volume  |m A14834592947 
998 f f |a DB2191.B45 S65 1926  |t 0  |l Remote Storage